Southville International School and Colleges
Your cart is empty.
  • Cart
  • Lists
    Public lists Eva Luna New books Lux_list list_1
    Your lists Log in to create your own lists
  • Log in to your account
  • Your cookies
  • Search history
Southville International School and Colleges
  • Advanced search
  • Recent comments
  • Most popular
  • Libraries

Log in to your account

Log in with GOOGLE


If you do not have an external account, but do have a local account, you can still log in:

  1. Home
  2. MARC view: Heroes in love :
Normal view MARC view ISBD view

Heroes in love : (Record no. 292209)

[ view plain ]
MARC details
000 -LEADER
fixed length control field 00575nam a2200193Ia 4500
008 - FIXED-LENGTH DATA ELEMENTS--GENERAL INFORMATION
fixed length control field 160319s9999 xx 000 0 und d
020 ## - INTERNATIONAL STANDARD BOOK NUMBER
International Standard Book Number 9789712726880
050 ## - LIBRARY OF CONGRESS CALL NUMBER
Classification number 899.21020514
050 ## - LIBRARY OF CONGRESS CALL NUMBER
Item number F699h 2012
100 ## - MAIN ENTRY--PERSONAL NAME
Personal name Ford, Aida Rivera
245 ## - TITLE STATEMENT
Title Heroes in love :
245 ## - TITLE STATEMENT
Remainder of title four plays : Jose Rizal, Gregorio del Pilar, Manuel Quezon : Ibarra in love with Maria Clara with Padre Damaso as oppositor /
245 ## - TITLE STATEMENT
Statement of responsibility, etc Aida Rivera Ford.
260 ## - PUBLICATION, DISTRIBUTION, ETC. (IMPRINT)
Place of publication, distribution, etc Manila :
260 ## - PUBLICATION, DISTRIBUTION, ETC. (IMPRINT)
Name of publisher, distributor, etc Anvil Pub. Inc.
260 ## - PUBLICATION, DISTRIBUTION, ETC. (IMPRINT)
Date of publication, distribution, etc 2012
300 ## - PHYSICAL DESCRIPTION
Extent xv, 116 pages ;
300 ## - PHYSICAL DESCRIPTION
Dimensions 18 cm.
Holdings
Withdrawn status Lost status Damaged status Home library Current library Shelving location Date acquired Total Checkouts Full call number Barcode Date last seen Price effective from Koha item type
      Stonyhurst Southville International School (Batangas) Stonyhurst Southville International School (Batangas) Filipiniana Section 03/19/2016   Fil 899.21020514 F699h 2012 US 1709 03/19/2016 03/19/2016 Books

Heroes in love :

APA

Ford A. R., .Heroes in love. Manila: .

Chicago

Ford Aida Rivera, .Heroes in love. Manila: .

Harvard

Ford A. R., .Heroes in love. Manila: .

MLA

Ford Aida Rivera, .Manila: . .

  • Place hold
  • Print
  • Cite
  • Add to your cart (remove)
  • Save record
    BIBTEX Dublin Core MARCXML MARC (non-Unicode/MARC-8) MARC (Unicode/UTF-8) MARC (Unicode/UTF-8, Standard) MODS (XML) RIS
  • More searches
    Search for this title in:
    Other Libraries (WorldCat) Other Databases (Google Scholar) Online Stores (Bookfinder.com) Open Library (openlibrary.org)

Exporting to Dublin Core...

SOUTHVILLE LIBRARY

Southville International School and Colleges Library

1281 Tropical Ave. Cor. Luxembourg St., BF Homes International, Las Pinas City

Tel. No. 8256374 / 252358 Loc. 117/146

Powered by Koha